Most populous slavic cities - Statistics

General Stats
  • This quiz has been taken 56 times
  • The average score is 15 of 18
Answer Stats
Country Population City % Correct
Ukraine 2.9M Kyiv
100%
Russia 12.1M Moscow
100%
Czech Republic(Czechia) 1.3M Prague
100%
Russia 5.3M Saint Petersburg
98%
Bulgaria 1.2M Sofia
98%
Poland 1.7M Warsaw
98%
Serbia 1.3M Belgrade
94%
Belarus 1.9M Minsk
92%
Ukraine 1.4M Kharkiv
85%
Ukraine 1M Odessa
83%
Russia 1M Volgograd
81%
Russia 1.2M Kazan
79%
Russia 1.2M Nizhny Novgorod
73%
Russia 1.1M Rostov-On-Dov
73%
Russia 1.1M Ufa
63%
Russia 1.1M Samara
62%
Russia 1M Perm
56%
Russia 1M Voronezh
46%
No matching quizzes found
Score Distribution
Percent of People with Each Score
Percentile by Number Answered
Your Score History
You have not taken this quiz